Clemson Football: Top 10 All-Time Leaders - Statistics

General Stats
  • This quiz has been taken 40 times
    25 since last reset
  • The average score is 18 of 60
Answer Stats
Category # Player Amount % Correct
Passing Yards 2 Deshaun Watson 10,163
100%
Passing Yards 3 Trevor Lawrence 10,098
100%
Receiving Yards 2 DeAndre Hopkins 3,020
87%
Passing Yards 1 Tajh Boyd 11,904
87%
Tackles 7 Nick Watkins 386
78%
Receiving Yards 1 Sammy Watkins 3,391
78%
Rushing Yards 1 Travis Etienne 4,952
78%
Passing Yards 5 Cade Klubnik 9,662
74%
Rushing Yards 4 C.J. Spiller 3,547
57%
Receiving Yards 4 Mike Williams 2,727
57%
Receiving Yards 8 Tee Higgins 2,448
57%
Passing Yards 4 Charlie Whitehurst 9,665
52%
Rushing Yards 6 Wayne Gallman 3,429
43%
Rushing Yards 3 James Davis 3,881
39%
Tackles 3 Jeff Davis 469
39%
Sacks 1 Vic Beasley 33.0
39%
Tackles 2 Anthony Simmons 486
35%
Receiving Yards 7 Artavis Scott 2,480
35%
Sacks T2 Michael Dean Perry 28.0
35%
Rushing Yards 9 Phil Mafah 2,887
35%
Tackles 8 Randy Scott 382
35%
Sacks T4 William Perry 27.0
35%
Receiving Yards 3 Aaron Kelly 2,733
30%
Receiving Yards 10 Justyn Ross 2,379
30%
Passing Yards 8 Woodrow Dantzler 5,634
30%
Rushing Yards 5 Andre Ellington 3,436
26%
Sacks T4 Clelin Ferrell 27.0
26%
Sacks T2 Gaines Adams 28.0
26%
Tackles 9 Keith Adams 379
26%
Sacks T6 Keith Adams 23.0
26%
Passing Yards 10 Kyle Parker 4,739
26%
Receiving Yards 9 Ron Gardner 2,404
26%
Rushing Yards 10 Terry Allen 2,778
26%
Tackles 1 Bubba Brown 515
22%
Passing Yards 7 DJ Uiagalelei 5,681
22%
Receiving Yards 5 Terry Smith 2,681
22%
Passing Yards 6 Cullen Harper 5,762
17%
Receiving Yards 6 Perry Tuttle 2,534
17%
Interceptions 1 Terry Kinard 17
17%
Interceptions T2 DeAndre McDaniel 15
13%
Tackles 6 Ed McDaniel 389
13%
Interceptions 6 Justin Miller 13
9%
Interceptions T4 Rashard Hall 14
9%
Sacks T6 Adrian Dingle 23.0
4%
Interceptions T7 Alex Ardley 12
4%
Sacks T8 Brentson Buckner 22.0
4%
Interceptions T7 Brian Mance 12
4%
Sacks T8 Bryant McNeal 22.0
4%
Tackles 4 Chad Carson 448
4%
Sacks 10 Chester McGlockton 20.5
4%
Interceptions T7 Eddie Geathers 12
4%
Interceptions T2 Fred Knoebel 15
4%
Tackles 5 John Leake 443
4%
Rushing Yards 8 Kenny Flowers 2,914
4%
Interceptions T4 Michael Hamlin 14
4%
Passing Yards 9 Nealon Greene 5,504
4%
Rushing Yards 2 Raymond Priester 3,966
4%
Tackles 10 Robert Carswell 374
4%
Interceptions T7 Robert O'Neal 12
4%
Rushing Yards 7 Travis Zachery 3,050
4%
No matching quizzes found
Score Distribution
Percent of People with Each Score
Percentile by Number Answered
Your Score History
You have not taken this quiz since the last reset